[Event "CRI-ch"]
[Site "San Jose"]
[Date "2024.01.14"]
[Round "9"]
[White "Pastor Carvajal, Jeigoth"]
[Black "Jimenez Garcia, Emanuel"]
[Result "0-1"]
[WhiteElo "1995"]
[BlackElo "2394"]
[PlyCount "38"]
[EventDate "2024.01.06"]
[EventType "swiss"]
[EventRounds "9"]
[EventCountry "CRI"]
[SourceTitle "CB05_2024"]
[SourceDate "2024.01.31"]
[SourceVersion "1"]
[SourceVersionDate "2024.01.31"]
[SourceQuality "1"]

1. e4 c5 2. Nc3 Nc6 3. f4 g6 4. Nf3 Bg7 5. a4 a6 6. Bc4 e6 7. e5 d5 8. exd6 Nf6 9. 0-0 Qxd6 10. d3 0-0 11. Ne4 Qc7 12. c3 b6 13. Qe1 Bb7 14. Nf2 Na5 15. Ne5 Nxc4 16. dxc4 Ne8 17. Ne4 f6 18. Nd3 Qc6 19. Ndf2 Nd6 0-1

[Event "CRI-ch"]
[Site "San Jose"]
[Date "2024.01.06"]
[Round "1"]
[White "Valverde Mora, Mauricio"]
[Black "Jimenez Garcia, Emanuel"]
[Result "0-1"]
[WhiteElo "1872"]
[BlackElo "2394"]
[PlyCount "66"]
[EventDate "2024.01.06"]
[EventType "swiss"]
[EventRounds "9"]
[EventCountry "CRI"]
[SourceTitle "CB05_2024"]
[SourceDate "2024.01.31"]
[SourceVersion "1"]
[SourceVersionDate "2024.01.31"]
[SourceQuality "1"]

1. c4 g6 2. Nc3 Bg7 3. d4 d6 4. e4 e5 5. Be3 exd4 6. Bxd4 Nf6 7. Be2 Nc6 8. Be3 0-0 9. Nf3 Ng4 10. Bg5 f6 11. Bf4 f5 12. exf5 Bxf5 13. Qd2 Qd7 14. 0-0 Rae8 15. Rad1 Kh8 16. Rfe1 Be6 17. Bf1 Bg8 18. Rxe8 Qxe8 19. Nd5 Qf7 20. Ng5 Qd7 21. Bg3 Nd4 22. Re1 Nf5 23. Bf4 h6 24. Ne4 g5 25. Be3 c6 26. Ndc3 Qc7 27. h3 Ngxe3 28. fxe3 Be5 29. Bd3 d5 30. cxd5 cxd5 31. Nf2 Bh2+ 32. Kh1 Ng3+ 33. Kxh2 Ne4+ 0-1

[Event "Sunnyvale 1000 GM Thanksgiving GM"]
[Site "Sunnyvale"]
[Date "2023.11.24"]
[Round "5"]
[White "Yu, Jiangwei"]
[Black "Jimenez Garcia, Emanuel"]
[Result "0-1"]
[WhiteElo "2366"]
[BlackElo "2390"]
[PlyCount "86"]
[EventDate "2023.11.22"]
[EventType "schev"]
[EventRounds "9"]
[EventCountry "USA"]
[SourceTitle "CB48_2023"]
[SourceDate "2023.11.29"]
[SourceVersion "1"]
[SourceVersionDate "2023.11.29"]
[SourceQuality "1"]

1. d4 Nf6 2. c4 e6 3. Nc3 Bb4 4. e3 b6 5. Bd2 Bb7 6. Nf3 0-0 7. Bd3 d5 8. cxd5 exd5 9. 0-0 Nbd7 10. Rc1 a6 11. Ne5 Nxe5 12. dxe5 Bxc3 13. Bxc3 Ne4 14. Be1 Nc5 15. Bb1 a5 16. f4 Ne4 17. Qh5 f5 18. exf6 Nxf6 19. Qh3 Bc8 20. Qf3 Bg4 21. Qg3 c5 22. Qh4 Qe8 23. Qg3 Qd7 24. f5 Rae8 25. h3 Bh5 26. Rf4 Be2 27. Rf2 Qb5 28. Bc3 Bd3 29. a4 Qa6 30. Ba2 Qb7 31. Qd6 c4 32. Qf4 Ne4 33. Rf3 Nxc3 34. Rxc3 Be4 35. Rg3 Rxf5 36. Qg4 Qf7 37. Rc1 h5 38. Qe2 Rf8 39. Qd2 Qc7 40. Rf3 Bxf3 41. gxf3 Qg3+ 42. Qg2 Qxg2+ 43. Kxg2 Rxf3 0-1

[Event "Ojinaga Perla del Desierto op"]
[Site "Ojinaga"]
[Date "2023.10.28"]
[Round "5"]
[White "Jimenez Garcia, Emanuel"]
[Black "Gonzalez Zamora, Juan Carlos"]
[Result "1/2-1/2"]
[WhiteElo "2387"]
[BlackElo "2479"]
[PlyCount "50"]
[EventDate "2023.10.26"]
[EventType "swiss"]
[EventRounds "7"]
[EventCountry "MEX"]
[SourceTitle "Mega2024 Update 01"]
[Source "Chessbase"]
[SourceDate "2023.11.12"]
[SourceVersion "1"]
[SourceVersionDate "2023.11.12"]
[SourceQuality "1"]

1. d4 Nf6 2. c4 e6 3. Nf3 Bb4+ 4. Bd2 Qe7 5. g3 Nc6 6. Bg2 Bxd2+ 7. Qxd2 Ne4 8. Qc2 Qb4+ 9. Nbd2 Nxd2 10. Qxd2 Qxd2+ 11. Kxd2 d6 12. d5 Ne7 13. Nd4 a6 14. f4 Ng6 15. h4 e5 16. h5 Nxf4 17. gxf4 exd4 18. Kd3 0-0 19. Kxd4 f5 20. b4 a5 21. a3 Bd7 22. c5 Be8 23. Bf3 Bf7 24. cxd6 cxd6 25. b5 Rfc8 1/2-1/2

[Event "Barcelona Sant Marti op-A 23rd"]
[Site "Barcelona"]
[Date "2023.07.19"]
[Round "7"]
[White "Jimenez Garcia, Emanuel"]
[Black "Marin, Sebastian"]
[Result "0-1"]
[WhiteElo "2437"]
[BlackElo "2265"]
[PlyCount "82"]
[EventDate "2023.07.13"]
[EventType "swiss"]
[EventRounds "9"]
[EventCountry "ESP"]
[SourceTitle "CBM 215 Extra"]
[Source "ChessBase"]
[SourceDate "2023.09.30"]
[SourceVersion "1"]
[SourceVersionDate "2023.09.30"]
[SourceQuality "1"]

1. Nf3 c5 2. b3 d6 3. c4 e5 4. Nc3 g6 5. g3 Bg7 6. Bg2 e4 7. Ng1 f5 8. Bb2 Ne7 9. d3 d5 10. cxd5 Nxd5 11. Qd2 Nf6 12. Nh3 exd3 13. 0-0-0 0-0 14. Qxd3 Qxd3 15. Rxd3 Nc6 16. Nd5 Ne4 17. Bxg7 Kxg7 18. Kb2 Ne5 19. Rdd1 Rb8 20. f3 Nd6 21. Nhf4 Ne8 22. h4 Kf7 23. Nh3 Kg7 24. h5 Nf7 25. hxg6 hxg6 26. Nhf4 Ne5 27. Rh2 g5 28. Rdh1 Nf6 29. Nxf6 Kxf6 30. Rh6+ Ke7 31. Nd5+ Kd8 32. f4 gxf4 33. gxf4 Nd7 34. Rd6 b5 35. Rh7 Rb7 36. Bf3 Ke8 37. Ne7 Nf6 38. Bxb7 Bxb7 39. Rg7 Nh5 40. Nxf5 Nxg7 41. Nxg7+ Ke7 0-1

[Event "Barbera del Valles op 45th"]
[Site "Barbera del Valles"]
[Date "2023.07.09"]
[Round "6"]
[White "Jimenez Garcia, Emanuel"]
[Black "Alcala Gonzalez, Cesar"]
[Result "1-0"]
[WhiteElo "2437"]
[BlackElo "2329"]
[PlyCount "59"]
[EventDate "2023.07.04"]
[EventType "swiss"]
[EventRounds "9"]
[EventCountry "ESP"]
[SourceTitle "CBM 215 Extra"]
[Source "ChessBase"]
[SourceDate "2023.09.30"]
[SourceVersion "1"]
[SourceVersionDate "2023.09.30"]
[SourceQuality "1"]

1. Nf3 d5 2. g3 Nf6 3. Bg2 c6 4. c4 Bg4 5. Ne5 Be6 6. d4 dxc4 7. 0-0 Nbd7 8. Qc2 Nxe5 9. dxe5 Nd7 10. Nd2 g6 11. Nxc4 Bxc4 12. Qxc4 Nxe5 13. Qc3 f6 14. f4 Ng4 15. h3 Qb6+ 16. Kh1 h5 17. Be4 0-0-0 18. hxg4 hxg4+ 19. Kg2 Qb5 20. Be3 Bg7 21. Qb3 Qxe2+ 22. Rf2 Qa6 23. Bxg6 c5 24. Bf5+ Kb8 25. Qe6 Qa4 26. Bxg4 Rd6 27. Qxe7 Bf8 28. Qf7 Qc6+ 29. Bf3 Qc8 30. f5 1-0

[Event "Titled Tuesday intern op 13th Jun Late"]
[Site "Chess.com INT"]
[Date "2023.06.13"]
[Round "11"]
[White "Jimenez Garcia, Emanuel"]
[Black "Cordoba Roa, Angel Gabriel"]
[Result "1-0"]
[WhiteElo "2437"]
[BlackElo "2339"]
[PlyCount "118"]
[EventDate "2023.06.13"]
[EventType "swiss (blitz)"]
[EventRounds "11"]
[EventCountry "USA"]
[SourceTitle "EXT 2024"]
[Source "ChessBase"]
[SourceDate "2023.10.10"]
[SourceVersion "1"]
[SourceVersionDate "2023.10.10"]
[SourceQuality "1"]

1. Nf3 Nf6 2. c4 e6 3. b3 d5 4. Bb2 Be7 5. g3 0-0 6. Bg2 c5 7. cxd5 Nxd5 8. 0-0 Nc6 9. Ne5 Nxe5 10. Bxe5 b6 11. Qc1 Bb7 12. Qb2 f6 13. Bc3 Qd7 14. d3 Nxc3 15. Nxc3 Bxg2 16. Kxg2 f5 17. Qc2 Bf6 18. Rad1 Rad8 19. a3 h5 20. h4 f4 21. Ne4 Be5 22. Qc4 Qe7 23. Ng5 Rd5 24. b4 Rf6 25. Qe4 Rf5 26. bxc5 bxc5 27. Rb1 Rd4 28. Qa8+ Rf8 29. Qc6 Qf6 30. Qxe6+ Kh8 31. Qxf6 Rxf6 32. Nf3 Rd5 33. Rb7 fxg3 34. fxg3 Rg6 35. Ng5 Rd8 36. Rbf7 Kg8 37. R7f5 Bf6 38. Ne4 Be7 39. Kh3 c4 40. Rxh5 cxd3 41. exd3 Rxd3 42. Ng5 Bxg5 43. hxg5 Rxa3 44. Rf5 a5 45. Rh4 Rb6 46. Rhf4 Rb8 47. Kg4 Ra1 48. g6 a4 49. Ra5 a3 50. Ra7 a2 51. Rff7 Rh1 52. Rxg7+ Kh8 53. Rh7+ Rxh7 54. Rxh7+ Kg8 55. Ra7 Rb4+ 56. Kg5 Rb5+ 57. Kh6 Kf8 58. g7+ Kg8 59. Ra8+ Kf7 1-0

[Event "Titled Tuesday intern op 13th Jun Early"]
[Site "Chess.com INT"]
[Date "2023.06.13"]
[Round "9"]
[White "Jimenez Garcia, Emanuel"]
[Black "De Souza, Cristiano Gomes"]
[Result "1-0"]
[WhiteElo "2437"]
[BlackElo "2018"]
[PlyCount "41"]
[EventDate "2023.06.13"]
[EventType "swiss (blitz)"]
[EventRounds "11"]
[EventCountry "USA"]
[SourceTitle "EXT 2024"]
[Source "ChessBase"]
[SourceDate "2023.10.10"]
[SourceVersion "1"]
[SourceVersionDate "2023.10.10"]
[SourceQuality "1"]

1. Nf3 Nf6 2. c4 g6 3. b3 Bg7 4. Bb2 d6 5. d4 0-0 6. g3 Nc6 7. d5 Nb4 8. Bg2 c5 9. a3 Na6 10. 0-0 Nc7 11. a4 a6 12. Nbd2 Rb8 13. e4 b5 14. axb5 axb5 15. Re1 Bd7 16. e5 dxe5 17. Bxe5 Nfe8 18. Bxg7 Kxg7 19. Qe2 e6 20. Ra7 Nd6 21. Qe5+ 1-0

[Event "Titled Tuesday intern op 13th Jun Late"]
[Site "Chess.com INT"]
[Date "2023.06.13"]
[Round "8"]
[White "Osmonbekov, Talaibek D"]
[Black "Jimenez Garcia, Emanuel"]
[Result "0-1"]
[WhiteElo "2137"]
[BlackElo "2437"]
[PlyCount "74"]
[EventDate "2023.06.13"]
[EventType "swiss (blitz)"]
[EventRounds "11"]
[EventCountry "USA"]
[SourceTitle "EXT 2024"]
[Source "ChessBase"]
[SourceDate "2023.10.10"]
[SourceVersion "1"]
[SourceVersionDate "2023.10.10"]
[SourceQuality "1"]

1. d4 c6 2. Nc3 b5 3. a3 d5 4. Bf4 Bf5 5. Nf3 e6 6. e3 h6 7. Ne5 Nf6 8. g4 Bh7 9. Bd3 Bxd3 10. Qxd3 Nfd7 11. h4 Nxe5 12. Bxe5 Nd7 13. Bg3 a6 14. e4 b4 15. axb4 Bxb4 16. exd5 cxd5 17. Rxa6 Bxc3+ 18. bxc3 0-0 19. 0-0 Nb6 20. Qb5 Nc4 21. Rfa1 Rxa6 22. Rxa6 Qf6 23. Kg2 Qg6 24. Kh3 Qxc2 25. Qb4 h5 26. gxh5 Qf5+ 27. Kh2 Qxh5 28. Kg2 Qf5 29. Ra7 g6 30. Qe7 Nd2 31. Bd6 Qf3+ 32. Kg1 Rc8 33. Qg5 Qd1+ 34. Kg2 Qf1+ 35. Kg3 Rxc3+ 36. Kf4 Qxf2+ 37. Ke5 Nf3+ 0-1

[Event "American Continental 17th"]
[Site "Juan Dolio"]
[Date "2023.05.20"]
[Round "8"]
[White "Supi, Luis Paulo"]
[Black "Jimenez Garcia, Emanuel"]
[Result "1/2-1/2"]
[WhiteElo "2603"]
[BlackElo "2410"]
[PlyCount "71"]
[EventDate "2023.05.15"]
[EventType "swiss"]
[EventRounds "11"]
[EventCountry "DOM"]
[SourceTitle "CBM 214 Extra"]
[Source "ChessBase"]
[SourceDate "2023.07.31"]
[SourceVersion "1"]
[SourceVersionDate "2023.07.31"]
[SourceQuality "1"]

1. e4 d6 2. d4 Nf6 3. Nc3 e5 4. Nge2 Be7 5. g3 c6 6. Bg2 0-0 7. a4 a5 8. 0-0 Na6 9. h3 Nb4 10. Be3 exd4 11. Nxd4 d5 12. e5 Nd7 13. Nf3 f6 14. exf6 Bxf6 15. Bd4 Bxd4 16. Nxd4 Qf6 17. Nce2 Nc5 18. Rb1 Nba6 19. c3 Nc7 20. Nf4 Bd7 21. h4 Qd6 22. Re1 Rf7 23. Nd3 Nxd3 24. Qxd3 Raf8 25. f4 c5 26. Nb5 Nxb5 27. axb5 Bf5 28. Be4 Bxe4 29. Rxe4 Qg6 30. Re3 d4 31. Qxg6 hxg6 32. Re5 Rf5 33. Re7 R8f7 34. Re8+ Rf8 35. Re7 R8f7 36. Re8+ 1/2-1/2

[Event "American Continental 17th"]
[Site "Juan Dolio"]
[Date "2023.05.16"]
[Round "3"]
[White "Jimenez Garcia, Emanuel"]
[Black "Terao, Juliana Sayumi"]
[Result "1-0"]
[WhiteElo "2410"]
[BlackElo "2242"]
[PlyCount "73"]
[EventDate "2023.05.15"]
[EventType "swiss"]
[EventRounds "11"]
[EventCountry "DOM"]
[SourceTitle "CBM 214 Extra"]
[Source "ChessBase"]
[SourceDate "2023.07.31"]
[SourceVersion "1"]
[SourceVersionDate "2023.07.31"]
[SourceQuality "1"]

1. Nf3 Nf6 2. g3 d5 3. Bg2 e6 4. 0-0 Be7 5. c4 0-0 6. b3 d4 7. e3 c5 8. exd4 cxd4 9. d3 Nc6 10. Re1 Bd6 11. a3 a5 12. Bg5 h6 13. Bxf6 Qxf6 14. Nbd2 Qe7 15. Qc1 e5 16. c5 Bxc5 17. Nc4 f6 18. Nh4 Qc7 19. Bd5+ Kh7 20. Be4+ Kg8 21. Ng6 Rd8 22. f4 Be6 23. fxe5 Nxe5 24. Ngxe5 fxe5 25. Nxe5 Rac8 26. Qd1 Rf8 27. Qh5 Rf6 28. Rac1 Qb6 29. Nc4 Qxb3 30. Nd6 Bxd6 31. Rxc8+ Bf8 32. Rcc1 Bxa3 33. Rf1 Bf7 34. Rc8+ Bf8 35. Rxf6 Qb1+ 36. Kg2 Qa2+ 37. Kh3 1-0

[Event "Mexican op 68th"]
[Site "Mexico City"]
[Date "2023.04.09"]
[Round "9"]
[White "Ibarra Chami, Luis Fernando"]
[Black "Jimenez Garcia, Emanuel"]
[Result "1-0"]
[WhiteElo "2440"]
[BlackElo "2413"]
[PlyCount "34"]
[EventDate "2023.04.04"]
[EventType "swiss"]
[EventRounds "9"]
[EventCountry "MEX"]
[SourceTitle "CBM 213 Extra"]
[Source "ChessBase"]
[SourceDate "2023.05.31"]
[SourceVersion "1"]
[SourceVersionDate "2023.05.31"]
[SourceQuality "1"]

1. e4 d6 2. d4 Nf6 3. Nc3 e5 4. Nf3 Nbd7 5. Bc4 Be7 6. 0-0 0-0 7. Re1 a6 8. a4 b6 9. Ne2 Bb7 10. Ng3 Nxe4 11. Rxe4 d5 12. Rg4 f5 13. Nxf5 Rxf5 14. Bb3 h5 15. Re4 Kh8 16. Nxe5 dxe4 17. Nf7+ Rxf7 1-0

[Event "Titled Tuesday intern op 21st Feb Late"]
[Site "Chess.com INT"]
[Date "2023.02.21"]
[Round "3"]
[White "Hartikainen, Jarmo"]
[Black "Jimenez Garcia, Emanuel"]
[Result "0-1"]
[WhiteElo "2118"]
[BlackElo "2418"]
[PlyCount "82"]
[EventDate "2023.02.21"]
[EventType "swiss (blitz)"]
[EventRounds "11"]
[EventCountry "USA"]
[SourceTitle "CBM 212 Extra"]
[Source "ChessBase"]
[SourceDate "2023.03.31"]
[SourceVersion "1"]
[SourceVersionDate "2023.03.31"]
[SourceQuality "1"]

1. e4 c6 2. d4 d5 3. Nc3 dxe4 4. Nxe4 Nf6 5. Nxf6+ exf6 6. Bf4 Be6 7. c3 Nd7 8. Bd3 h5 9. Ne2 g5 10. Bd2 h4 11. h3 Nb6 12. b3 f5 13. c4 Bg7 14. Bc3 Qe7 15. Qc2 0-0-0 16. 0-0-0 f4 17. d5 Bxc3 18. Nxc3 Bd7 19. Bf5 Qa3+ 20. Kb1 Kb8 21. Bxd7 Rxd7 22. dxc6 Rxd1+ 23. Rxd1 bxc6 24. Ne4 Ka8 25. Nxg5 Re8 26. Nxf7 Na4 27. Rd8+ Rxd8 28. Nxd8 Qd6 29. bxa4 Qxd8 30. Qe4 Qb6+ 31. Kc1 Qxf2 32. Qxc6+ Kb8 33. Qb5+ Ka8 34. Qd5+ Kb8 35. Qf3 Qd4 36. Qb3+ Kc7 37. Kc2 Qe4+ 38. Kc3 Qxg2 39. a5 Qf3+ 40. Kb4 Qxb3+ 41. Kxb3 f3 0-1

[Event "Titled Tuesday intern op 21st Feb Late"]
[Site "Chess.com INT"]
[Date "2023.02.21"]
[Round "9"]
[White "Jimenez Garcia, Emanuel"]
[Black "Fus, Jakub"]
[Result "0-1"]
[WhiteElo "2418"]
[BlackElo "2416"]
[PlyCount "56"]
[EventDate "2023.02.21"]
[EventType "swiss (blitz)"]
[EventRounds "11"]
[EventCountry "USA"]
[SourceTitle "CBM 212 Extra"]
[Source "ChessBase"]
[SourceDate "2023.03.31"]
[SourceVersion "1"]
[SourceVersionDate "2023.03.31"]
[SourceQuality "1"]

1. Nf3 d5 2. g3 Bg4 3. Bg2 Nd7 4. d4 e6 5. 0-0 c6 6. c4 Bd6 7. Qb3 Rb8 8. Nc3 Ngf6 9. Bg5 h6 10. Bxf6 Nxf6 11. Ne5 Bf5 12. cxd5 exd5 13. e4 Bxe5 14. dxe5 Nxe4 15. Nxe4 Bxe4 16. Bxe4 dxe4 17. Qa4 e3 18. Qxa7 exf2+ 19. Rxf2 0-0 20. Raf1 Qc7 21. Rf5 g6 22. Rf6 Qxe5 23. Qf2 Qd5 24. Qf4 Kg7 25. a4 Rbd8 26. Rf2 Rde8 27. Rd2 Qg5 28. Rd7 Qxf6 0-1

[Event "Titled Tuesday intern op 21st Feb Late"]
[Site "Chess.com INT"]
[Date "2023.02.21"]
[Round "11"]
[White "Jimenez Garcia, Emanuel"]
[Black "Hambleton, Aman"]
[Result "1-0"]
[WhiteElo "2418"]
[BlackElo "2420"]
[PlyCount "99"]
[EventDate "2023.02.21"]
[EventType "swiss (blitz)"]
[EventRounds "11"]
[EventCountry "USA"]
[SourceTitle "CBM 212 Extra"]
[Source "ChessBase"]
[SourceDate "2023.03.31"]
[SourceVersion "1"]
[SourceVersionDate "2023.03.31"]
[SourceQuality "1"]

1. Nf3 d5 2. g3 c6 3. Bg2 Nf6 4. 0-0 Bf5 5. d3 e6 6. Nc3 h6 7. Nd2 Be7 8. e4 Bh7 9. Kh1 a5 10. f4 a4 11. a3 Na6 12. g4 Nc5 13. Qe2 Qa5 14. f5 d4 15. Nc4 Qd8 16. Nd1 b5 17. Ne5 Qc7 18. h3 Qxe5 19. Bf4 Bd6 20. Bxe5 Bxe5 21. Ne3 Rd8 22. Nd5 cxd5 23. exd5 Bd6 24. dxe6 fxe6 25. Bc6+ Ke7 26. Bxb5 Rb8 27. Bc4 e5 28. c3 dxc3 29. bxc3 Rhe8 30. d4 Ncd7 31. h4 Kf8 32. g5 exd4 33. Be6 hxg5 34. hxg5 Ng8 35. Qh5 Bg6 36. Qxg6 Ne5 37. Qh5 dxc3 38. Rae1 Rb2 39. Rxe5 Re7 40. Ra5 Rh2+ 41. Qxh2 Bxh2 42. Kxh2 Re8 43. Ra7 Ne7 44. f6 gxf6 45. Rxf6+ Kg7 46. Rf7+ Kg6 47. Rfxe7 Rh8+ 48. Kg3 c2 49. Rg7+ Kh5 50. Bg4# 1-0

[Event "Titled Tuesday intern op 21st Feb Late"]
[Site "Chess.com INT"]
[Date "2023.02.21"]
[Round "8"]
[White "Kalajzic, Ivan"]
[Black "Jimenez Garcia, Emanuel"]
[Result "0-1"]
[WhiteElo "2062"]
[BlackElo "2418"]
[PlyCount "100"]
[EventDate "2023.02.21"]
[EventType "swiss (blitz)"]
[EventRounds "11"]
[EventCountry "USA"]
[SourceTitle "CBM 212 Extra"]
[Source "ChessBase"]
[SourceDate "2023.03.31"]
[SourceVersion "1"]
[SourceVersionDate "2023.03.31"]
[SourceQuality "1"]

1. d4 Nf6 2. Nc3 d5 3. Bg5 Nbd7 4. e3 e6 5. f4 Be7 6. Nf3 a6 7. Bd3 c5 8. 0-0 b5 9. Ne5 Bb7 10. Qe1 b4 11. Nd1 c4 12. Be2 Ne4 13. Bxe7 Qxe7 14. Nf2 Nxf2 15. Qxf2 0-0 16. Qg3 f6 17. Nxd7 Qxd7 18. c3 a5 19. Bd1 a4 20. a3 bxc3 21. bxc3 Bc6 22. Bc2 Rab8 23. Rab1 Rb3 24. Bxb3 cxb3 25. Qe1 Bb5 26. Rf2 Bd3 27. Rd1 Be4 28. Qd2 Rc8 29. Qb2 Rc4 30. Rc1 Kf7 31. Rd2 Ke7 32. Kf2 Kd6 33. h3 Qf7 34. g4 h5 35. Kg3 Qg6 36. Rf2 hxg4 37. hxg4 Bf5 38. Qe2 b2 39. Qxb2 Qxg4+ 40. Kh2 Qh3+ 41. Kg1 Qg3+ 42. Kf1 Bd3+ 43. Re2 Qxe3 44. Qb8+ Ke7 45. Qb7+ Kf8 46. Rce1 Qxf4+ 47. Kg1 Qg3+ 48. Kf1 Rxc3 49. Qb6 Bxe2+ 50. Rxe2 Rc1+ 0-1

[Event "Titled Tuesday intern op 21st Feb Late"]
[Site "Chess.com INT"]
[Date "2023.02.21"]
[Round "5"]
[White "Liu, Casper Yukun"]
[Black "Jimenez Garcia, Emanuel"]
[Result "0-1"]
[WhiteElo "2240"]
[BlackElo "2418"]
[PlyCount "82"]
[EventDate "2023.02.21"]
[EventType "swiss (blitz)"]
[EventRounds "11"]
[EventCountry "USA"]
[SourceTitle "CBM 212 Extra"]
[Source "ChessBase"]
[SourceDate "2023.03.31"]
[SourceVersion "1"]
[SourceVersionDate "2023.03.31"]
[SourceQuality "1"]

1. d4 b6 2. c4 Bb7 3. Nf3 Nf6 4. Nc3 e6 5. g3 Bb4 6. Bg2 Bxc3+ 7. bxc3 0-0 8. 0-0 d6 9. Bg5 Nbd7 10. Nd2 Bxg2 11. Kxg2 h6 12. Bxf6 Nxf6 13. e4 e5 14. Re1 Qe8 15. Qc2 Qc6 16. f4 Rfe8 17. fxe5 dxe5 18. d5 Qd6 19. h3 c6 20. Qb3 Rec8 21. Qb4 Ne8 22. Nf3 f6 23. Nh4 cxd5 24. cxd5 Qxb4 25. cxb4 Rc2+ 26. Kg1 Nd6 27. a3 Rac8 28. Nf5 Nxf5 29. exf5 Kf7 30. d6 Ke8 31. Red1 Kd7 32. b5 R8c3 33. g4 Rg3+ 34. Kf1 Rxh3 35. Kg1 Rg3+ 36. Kh1 Rxg4 37. a4 Rd4 38. Rxd4 exd4 39. a5 d3 40. axb6 axb6 41. Ra7+ Kxd6 0-1